000 00672nam a2200205 i 4500
001 188510
003 ES-MaACL
005 20250809063544.0
008 181212s1965 sp |||| | spa d
100 1 _aTamames, Ramón,
_d1933-
_9237391
245 1 0 _aCuatro problemas de la economía española /
_cRamón Tamames.
260 _aMadrid :
_bPenínsula,
_c[1965]
300 _a262 p. ;
_c18 cm.
490 1 _aIbérica ;
_v2
651 4 _aEspaña-
_xSituación económica-
_y1955-1975.
_9171815
651 4 _aEspaña-
_xPolítica económica-
_y1955-1975.
_98408
830 1 _aIbérica ;
_v2
_9186399
852 _aES-MaACL
_jP-137-bis-2
999 _c188510
_d188510